000 00549nam a2200229Ia 4500
003 OSt
005 20221005113956.0
006 a|||||r|||| 00| 0
007 ta
008 221004b |||||||| |||| 00| 0 kan d
024 _a61197
037 _cTextual
040 _aCRL
_cCRL
_bkan
041 _2kan
_akan
082 _aO33,6k, J9
100 _aSarvajna Au.
_9625266
245 0 _aAmara saudesha
260 _c1959
650 _aKANNAD PROSE
942 _hO33,6k, J9
_cTEXL
_2cc
999 _c1029930
_d1029930